000 00424nam a2200157Ia 4500
008 230917s9999||||xx |||||||||||||| ||und||
040 _e203971
_aMAIN
041 _aEnglish
082 _a621.43 P966E(2)
100 _aPulkrabek, Willard W
245 0 _aEngineering fundamentals of the internal combustion engine
250 _a2nd ed.
260 _aNew Delhi
_bPHI Learning
_c2011
300 _axix, 478 p.
942 _cBK
999 _c172918
_d172918